000 00547nam a2200181 i 4500
001 102583
003 ES-MaACL
005 20240522092753.0
007 t|
008 051117s1967 sp ||||1| spa d
100 1 _aMerton, Thomas.
_980619
245 1 0 _aTiempos de celebración /
_cThomas Merton; [traducción de José María Valverde].
260 _aBarcelona :
_bPomaire,
_c1967.
300 _a251 p. ;
_c21 cm.
700 1 _aValverde, José María,
_d1926-1996
_9113013
852 _aES-MaACL
_jC-33083
_bR.63118
999 _c102583
_d102583